<?xml version="1.0" encoding="UTF-8"?><?xml-stylesheet type="text/xsl" href="static/style.xsl"?><OAI-PMH xmlns="http://www.openarchives.org/OAI/2.0/" xmlns:xsi="http://www.w3.org/2001/XMLSchema-instance" xsi:schemaLocation="http://www.openarchives.org/OAI/2.0/ http://www.openarchives.org/OAI/2.0/OAI-PMH.xsd"><responseDate>2026-04-17T07:36:24Z</responseDate><request verb="GetRecord" identifier="oai:www.recercat.cat:2117/23569" metadataPrefix="marc">https://recercat.cat/oai/request</request><GetRecord><record><header><identifier>oai:recercat.cat:2117/23569</identifier><datestamp>2025-07-17T02:36:33Z</datestamp><setSpec>com_2072_1033</setSpec><setSpec>col_2072_452950</setSpec></header><metadata><record xmlns="http://www.loc.gov/MARC21/slim" xmlns:dcterms="http://purl.org/dc/terms/" xmlns:xsi="http://www.w3.org/2001/XMLSchema-instance" xmlns:doc="http://www.lyncode.com/xoai" xsi:schemaLocation="http://www.loc.gov/MARC21/slim http://www.loc.gov/standards/marcxml/schema/MARC21slim.xsd">
   <leader>00925njm 22002777a 4500</leader>
   <datafield ind2=" " ind1=" " tag="042">
      <subfield code="a">dc</subfield>
   </datafield>
   <datafield ind2=" " ind1=" " tag="720">
      <subfield code="a">Puignau Arrigain, Sara Ahetze</subfield>
      <subfield code="e">author</subfield>
   </datafield>
   <datafield ind2=" " ind1=" " tag="720">
      <subfield code="a">Campos Cacheda, Jose Magin</subfield>
      <subfield code="e">author</subfield>
   </datafield>
   <datafield ind2=" " ind1=" " tag="720">
      <subfield code="a">Lantada, Nieves</subfield>
      <subfield code="e">author</subfield>
   </datafield>
   <datafield ind2=" " ind1=" " tag="260">
      <subfield code="c">2014</subfield>
   </datafield>
   <datafield ind2=" " ind1=" " tag="520">
      <subfield code="a">Los autobuses exprés están siendo una solución acertada en distintas ciudades europeas para cubrir la movilidad ocupacional interurbana. En el caso de Cataluña, han sido en la actualidad tema de controversia la necesidad y el funcionamiento de este tipo de redes y los carriles de priorización que las conforman para que realmente descongestionen las vías perjudicadas y nuevos usuarios opten por cambiar a este modo de transporte. Es por ello que, tomando la perspectiva del usuario y su principal motivo de elección de modo, el tiempo de viaje, se ha querido contribuir a caracterizar, con este estudio concreto&#xd;
sobre el corredor del Baix Llobregat a Barcelona, en qué medida mejoran los tiempos de recorrido los autobuses exprés y sus alimentadores, los distintos tipos de carriles y la priorización de los distintos modos, parámetro definitorio considerado relevante y&#xd;
subestimado en este tipo de actuaciones. Con la actuación óptima inferida, los tiempos de viaje en autobús quedan reducidos más de&#xd;
5 minutos para todos los municipios de estudio, con incluso disminuciones de media hora para algunos de ellos. Las diferencias de tiempo de recorrido entre coche y autobús se atenúan y el coche percibe cambios muy leves de tiempos de recorrido. El vehículo de alta&#xd;
ocupación (VAO) tendría mejoras despreciables de 5 minutos en tiempos de viaje en los mejores casos al beneficiarse del carril Bus-VAO. Así, se ha ideado una metodología para poder extraer conclusiones previas del sentido de una posible actuación en cada contexto.</subfield>
   </datafield>
   <datafield ind2=" " ind1=" " tag="520">
      <subfield code="a">Postprint (published version)</subfield>
   </datafield>
   <datafield tag="653" ind2=" " ind1=" ">
      <subfield code="a">Àrees temàtiques de la UPC::Enginyeria civil::Infraestructures i modelització dels transports::Transport urbà</subfield>
   </datafield>
   <datafield tag="653" ind2=" " ind1=" ">
      <subfield code="a">Àrees temàtiques de la UPC::Enginyeria civil::Infraestructures i modelització dels transports::Transport per carretera</subfield>
   </datafield>
   <datafield tag="653" ind2=" " ind1=" ">
      <subfield code="a">Bus lanes</subfield>
   </datafield>
   <datafield tag="653" ind2=" " ind1=" ">
      <subfield code="a">Autobusos -- Catalunya -- Barcelona</subfield>
   </datafield>
   <datafield ind2="0" ind1="0" tag="245">
      <subfield code="a">Análisis de la implantación de una red exprés de autobuses con carril Bus-VAO: caso de la entrada a Barcelona desde el Baix Llobregat</subfield>
   </datafield>
</record></metadata></record></GetRecord></OAI-PMH>